Copa do Mundo de Clubes da FIFA 2025 - Statistics

Estatísticas Gerais
  • Esse quiz foi jogado 179 vezes
  • A pontuação média é 26 de 32
Estatísticas das Respostas
Resposta % Correto
Flamengo
99%
Palmeiras
99%
Fluminense
98%
Botafogo
97%
Inter de Milão
96%
Boca Juniors
95%
Bayern
94%
Inter Miami
94%
Real Madrid
94%
River Plate
93%
PSG
92%
Porto
90%
Benfica
87%
Borussia Dortmund
87%
Chelsea
87%
City
87%
Atlético de Madrid
86%
Al-Hilal
83%
Juventus
82%
LAFC
80%
Al Ahly
77%
Auckland City
75%
Sundowns
74%
Pachuca
73%
Seattle Sounders
73%
Monterrey
70%
Espérance
69%
Urawa Red
64%
Al Ain
63%
RB Salzburg
63%
Ulsan Hyundai
53%
Wydad AC
51%
Nenhum quiz correspondente encontrado
Distribuição das Pontuações
Porcentagem de Pessoas com Cada Pontuação
Percentil de Números Respondidos
Sua Pontuação Histórica
Você não jogou esse quiz